1538 1513 1840 1341 1242 1426 1015 1475 1685 1897 1793 1090 1849 1022 1104 1295 1116 1184 1866 1333 1530 1258 1660 1818 1939 1617 1646 1369 1635 1285 1031 1382 1388 1103 1092 1363 1195 1167 1355 1199 1700 1025 1524 1842 1786 1899 1708 1966 1847 1350 1506 1561 1334 1556 1713 1983 1572 1759 1402 1255 1727 1005 1434 1530 1040 1219 1593 1247 1508 1616 1558 1633 1606 1225 1993 1196 1635 1154 1173 1350 1565 1761 1349 1084 1811 1077 1298 1498 1102 1912 1204 1815 1309 1907 1654 1696 1827 1376 1464 BCNSPRNW ULIB Ver.6.0+V

เปลี่ยนเป็นภาษาไทย

Change to English
 แสดงรายละเอียดบรรณานุกรม
  กลับหน้าหลัก

Brief Record : Get Marc (ISO 2709) : E-mail record : QR code < ปิดหน้าต่าง
LEADER : 00000nam 2200000uu 4500
001    13399122257
003     ULIB
008    130121s2554||||th 000 0 tha d
020    ^a9786162620157
050  4 ^aTK7882.C56^bจ628A
100 0  ^aจุฑามาศ จิวะสงข์
245 10 ^aAdobe Premiere Pro video Editing /^cจุฑามาศ จิวะสงข์
250    ^aพิมพ์ครั้งที่ 1
260    ^aกรุงเทพฯ :^bซิมพลิฟาย,^c2554
300    ^a180 หน้า :^bภาพประกอบ
650  4 ^aAdobe Premiere Pro
650  7 ^aการตัดต่อ^xโปรแกรมคอมพิวเตอร์
945    ^p179^l0^i19762
995    ^aทศพร
999    ^aทศพร เกษรทอง
รายการนี้ยังไม่มีแท็ก
คุณยังไม่ได้ล็อกอิน คุณสามารถมีกิจกรรมร่วมกับเว็บไซต์ได้ แต่ต้องล็อกอินก่อน ::
  ล็อกอิน

รายการสื่อสารสนเทศ

ลำดับที่ ประเภท เลขเรียก/บาร์โค้ด สถานที่ สถานะ
1. การศึกษาทั่วไป
การศึกษาทั่วไป
TK7882.C56 จ628A ฉ.1 
  Barcode: 19762
ห้องสมุดวิทยาเขตสวรรค์ประชารักษ์
►หนังสือทั่วไป
บนชั้น

รายการใกล้เคียง
    ผู้แต่ง [จุฑามาศ จิวะสงข์]

    หัวเรื่อง [Adobe Premiere Pro]
    หัวเรื่อง [การตัดต่อ โปรแกรมคอมพิวเตอร์]

BibComment


ยังไม่เคยถูกคอมเมนท์

คอมเมนท์ทรัพยากรรายการนี้
  คอมเมนท์: Adobe Premiere P..


 Copyright 2026. Bcnsprnw @Library